[Event "eytcc"]
[Site "?"]
[Date "2017.08.18"]
[Round "2.2"]
[White "Plenca, Jadranko"]
[Black "Kozak, Adam"]
[Result "1-0"]
[BlackElo "2422"]
[WhiteElo "2446"]
[LiveChessVersion "1.4.4"]

1. e4 {[%clk 1:30:58]} e5 {[%clk 1:30:36]} 2. Nf3 {[%clk 1:31:19]} Nc6
{[%clk 1:30:23]} 3. Bb5 {[%clk 1:31:12]} a6 {[%clk 1:30:23]} 4. Ba4
{[%clk 1:31:31]} Nf6 {[%clk 1:30:27]} 5. O-O {[%clk 1:31:11]} Be7
{[%clk 1:30:36]} 6. d3 {[%clk 1:31:01]} b5 {[%clk 1:28:39]} 7. Bb3
{[%clk 1:31:25]} d6 {[%clk 1:29:00]} 8. a3 {[%clk 1:31:15]} O-O {[%clk 1:29:00]}
9. Nc3 {[%clk 1:31:35]} Bg4 {[%clk 1:26:57]} 10. Be3 {[%clk 1:30:33]} Nd4
{[%clk 1:26:34]} 11. Bxd4 {[%clk 1:29:16]} exd4 {[%clk 1:26:42]} 12. Nd5
{[%clk 1:28:11]} Nd7 {[%clk 1:26:56]} 13. h3 {[%clk 1:27:35]} Bxf3
{[%clk 1:27:09]} 14. Qxf3 {[%clk 1:27:58]} c6 {[%clk 1:27:32]} 15. Nxe7+
{[%clk 1:26:50]} Qxe7 {[%clk 1:28:00]} 16. Qg3 {[%clk 1:23:49]} Rab8
{[%clk 1:25:05]} 17. f4 {[%clk 1:20:27]} a5 {[%clk 1:20:38]} 18. Qf2
{[%clk 1:13:05]} c5 {[%clk 1:18:16]} 19. Rae1 {[%clk 1:08:07]} Kh8
{[%clk 1:12:07]} 20. Ba2 {[%clk 1:04:49]} a4 {[%clk 1:04:38]} 21. Re2
{[%clk 1:00:58]} h6 {[%clk 0:44:22]} 22. Qg3 {[%clk 0:58:03]} b4 {[%clk 0:36:31]}
23. axb4 {[%clk 0:53:47]} cxb4 {[%clk 0:31:24]} 24. Qf2 {[%clk 0:46:42]} Qf6
{[%clk 0:22:47]} 25. g4 {[%clk 0:40:21]} Nc5 {[%clk 0:16:50]} 26. Bc4
{[%clk 0:35:55]} a3 {[%clk 0:14:38]} 27. bxa3 {[%clk 0:36:18]} bxa3
{[%clk 0:15:01]} 28. h4 {[%clk 0:36:45]} d5 {[%clk 0:08:37]} 29. Bxd5
{[%clk 0:36:05]} Na4 {[%clk 0:08:11]} 30. g5 {[%clk 0:34:19]} Qb6
{[%clk 0:08:04]} 31. Bb3 {[%clk 0:31:54]} Nc3 {[%clk 0:06:29]} 32. Ree1
{[%clk 0:32:23]} a2 {[%clk 0:05:50]} 33. f5 {[%clk 0:30:45]} Ra8 {[%clk 0:02:57]}
34. e5 {[%clk 0:21:28]} Qc5 {[%clk 0:00:38]} 35. h5 {[%clk 0:19:56]} a1=Q
{[%clk 0:00:38]} 36. Rxa1 {[%clk 0:20:25]} Rxa1 {[%clk 0:00:51]} 37. Rxa1
{[%clk 0:20:53]} Qxe5 {[%clk 0:00:52]} 38. Re1 {[%clk 0:19:28]} Qd6
{[%clk 0:00:33]} 39. g6 {[%clk 0:17:46]} fxg6 {[%clk 0:00:53]} 40. hxg6
{[%clk 0:48:08]} Qf6 {[%clk 0:30:32]} 41. Qf4 {[%clk 0:46:22]} Qd8
{[%clk 0:23:04]} 42. Re5 {[%clk 0:43:46]} Qd6 {[%clk 0:22:50]} 43. Kf2
{[%clk 0:38:13]} Nd1+ {[%clk 0:15:54]} 44. Kg3 {[%clk 0:36:13]} Qd8
{[%clk 0:12:45]} 45. Re6 {[%clk 0:32:27]} Nc3 {[%clk 0:09:33]} 46. Kh3
{[%clk 0:29:10]} Nd5 {[%clk 0:06:17]} 47. Qd6 {[%clk 0:27:57]} Qxd6
{[%clk 0:04:22]} 48. Rxd6 {[%clk 0:28:22]} 1-0

[Event "eytcc"]
[Site "?"]
[Date "2017.08.18"]
[Round "2.3"]
[White "Havasi, Gergo"]
[Black "Tica, Sven"]
[Result "0-1"]
[BlackElo "2368"]
[WhiteElo "2380"]
[LiveChessVersion "1.4.4"]

1. e4 {[%clk 1:28:53]} c6 {[%clk 1:30:53]} 2. Nc3 {[%clk 1:26:44]} d5
{[%clk 1:31:17]} 3. Nf3 {[%clk 1:26:10]} Nf6 {[%clk 1:31:41]} 4. e5
{[%clk 1:23:28]} Ne4 {[%clk 1:32:06]} 5. Ne2 {[%clk 1:17:28]} Qb6
{[%clk 1:32:32]} 6. d4 {[%clk 1:16:48]} e6 {[%clk 1:32:58]} 7. Ng3
{[%clk 1:10:38]} c5 {[%clk 1:33:23]} 8. c3 {[%clk 0:56:18]} Nc6 {[%clk 1:33:48]}
9. Bd3 {[%clk 0:56:14]} Nxg3 {[%clk 1:34:12]} 10. hxg3 {[%clk 0:56:03]} cxd4
{[%clk 1:34:37]} 11. cxd4 {[%clk 0:56:08]} Bd7 {[%clk 1:35:03]} 12. Kf1
{[%clk 0:50:49]} Nb4 {[%clk 1:35:27]} 13. Bb1 {[%clk 0:45:55]} Rc8
{[%clk 1:35:48]} 14. Kg1 {[%clk 0:31:32]} Bb5 {[%clk 1:08:29]} 15. Be3
{[%clk 0:16:16]} Qa6 {[%clk 0:54:50]} 16. Ne1 {[%clk 0:08:34]} h6
{[%clk 0:48:28]} 17. Qd2 {[%clk 0:05:13]} Be7 {[%clk 0:44:51]} 18. g4
{[%clk 0:01:55]} Kd7 {[%clk 0:41:47]} 19. g5 {[%clk 0:00:42]} Nc6
{[%clk 0:34:10]} 20. Bd3 {[%clk 0:00:36]} hxg5 {[%clk 0:33:19]} 21. Rxh8
{[%clk 0:00:34]} Rxh8 {[%clk 0:33:41]} 22. a4 {[%clk 0:00:35]} Bxd3
{[%clk 0:32:32]} 23. Nxd3 {[%clk 0:01:02]} Na5 {[%clk 0:26:19]} 24. Bxg5
{[%clk 0:00:34]} Nb3 {[%clk 0:24:59]} 25. Qc3 {[%clk 0:00:33]} Qc4
{[%clk 0:24:27]} 26. Rb1 {[%clk 0:00:33]} Nxd4 {[%clk 0:24:00]} 27. Qxc4
{[%clk 0:00:34]} dxc4 {[%clk 0:24:21]} 28. Bxe7 {[%clk 0:00:31]} cxd3
{[%clk 0:24:45]} 29. Bc5 {[%clk 0:00:32]} Ne2+ {[%clk 0:25:09]} 0-1

[Event "eytcc"]
[Site "?"]
[Date "2017.08.18"]
[Round "2.4"]
[White "Tomulic, Teo"]
[Black "Marosi, Levente"]
[Result "1/2-1/2"]
[BlackElo "2310"]
[WhiteElo "2319"]
[LiveChessVersion "1.4.4"]

1. e4 c6 {[%clk 1:30:50]} 2. Nc3 {[%clk 1:31:21]} d5 {[%clk 1:31:04]} 3. Nf3
{[%clk 1:31:46]} Nf6 {[%clk 1:31:13]} 4. e5 {[%clk 1:32:10]} Ne4 {[%clk 1:31:22]}
5. Ne2 {[%clk 1:31:59]} Qb6 {[%clk 1:31:23]} 6. d4 {[%clk 1:32:23]} e6
{[%clk 1:31:28]} 7. g3 {[%clk 1:10:44]} c5 {[%clk 1:18:58]} 8. Bg2
{[%clk 1:11:02]} Bd7 {[%clk 1:12:26]} 9. O-O {[%clk 1:06:48]} Bb5
{[%clk 1:06:35]} 10. Re1 {[%clk 0:58:44]} Nc6 {[%clk 1:04:00]} 11. c3
{[%clk 0:56:47]} Be7 {[%clk 0:40:58]} 12. Be3 {[%clk 0:56:50]} O-O
{[%clk 0:31:25]} 13. h4 {[%clk 0:55:07]} Bxe2 {[%clk 0:22:26]} 14. Rxe2
{[%clk 0:51:41]} cxd4 {[%clk 0:20:39]} 15. cxd4 {[%clk 0:51:02]} f6
{[%clk 0:08:52]} 16. Bh3 {[%clk 0:42:37]} Kh8 {[%clk 0:04:35]} 17. exf6
{[%clk 0:35:14]} Bxf6 {[%clk 0:05:00]} 18. Ne5 {[%clk 0:33:18]} Bxe5
{[%clk 0:03:21]} 19. dxe5 {[%clk 0:33:47]} d4 {[%clk 0:02:09]} 20. Bf4
{[%clk 0:31:19]} Nc5 {[%clk 0:02:32]} 21. Rc1 {[%clk 0:24:01]} d3
{[%clk 0:02:08]} 22. Rd2 {[%clk 0:22:08]} Ne4 {[%clk 0:01:03]} 23. Be3
{[%clk 0:22:33]} Qb5 {[%clk 0:01:29]} 24. Rxd3 {[%clk 0:22:01]} Qxe5
{[%clk 0:00:43]} 25. Qg4 {[%clk 0:19:45]} Nxf2 {[%clk 0:00:52]} 26. Bxf2
{[%clk 0:16:57]} Rxf2 {[%clk 0:01:20]} 27. Qxe6 {[%clk 0:13:25]} Qxb2
{[%clk 0:00:48]} 28. Re1 {[%clk 0:13:55]} Raf8 {[%clk 0:01:02]} 29. Qe4
{[%clk 0:09:41]} Qxa2 {[%clk 0:00:45]} 30. Rd7 {[%clk 0:06:57]} R2f7
{[%clk 0:00:47]} 31. Rxf7 {[%clk 0:04:40]} Qxf7 {[%clk 0:01:12]} 32. Bg2
{[%clk 0:04:59]} Qd7 {[%clk 0:00:44]} 33. Kh2 {[%clk 0:04:56]} a5
{[%clk 0:00:46]} 34. Re2 {[%clk 0:04:18]} Qd6 {[%clk 0:00:43]} 35. Rb2
{[%clk 0:04:12]} Qc7 {[%clk 0:00:37]} 36. Rb5 {[%clk 0:03:48]} Qf7
{[%clk 0:00:35]} 37. Qb1 {[%clk 0:03:53]} Nd4 {[%clk 0:00:34]} 38. Rxb7
{[%clk 0:03:42]} Qf2 {[%clk 0:00:50]} 39. Qb2 {[%clk 0:02:06]} Nf3+
{[%clk 0:00:39]} 40. Kh3 {[%clk 0:32:35]} Ng1+ {[%clk 0:31:07]} 41. Kh2
{[%clk 0:32:49]} Nf3+ {[%clk 0:17:39]} 42. Kh3 {[%clk 0:33:13]} Qxb2
{[%clk 0:12:32]} 43. Rxb2 {[%clk 0:33:40]} Nd4 {[%clk 0:12:38]} 44. Ra2
{[%clk 0:31:20]} Rf5 {[%clk 0:08:25]} 45. Rd2 {[%clk 0:30:26]} Ne6
{[%clk 0:08:47]} 46. Bd5 {[%clk 0:23:11]} Nc5 {[%clk 0:07:12]} 47. Bc6
{[%clk 0:21:43]} g6 {[%clk 0:06:52]} 48. g4 {[%clk 0:19:37]} Re5 {[%clk 0:04:52]}
49. g5 {[%clk 0:19:22]} Kg7 {[%clk 0:04:41]} 50. Rd8 {[%clk 0:18:12]} h6
{[%clk 0:04:12]} 51. Ra8 {[%clk 0:15:07]} hxg5 {[%clk 0:03:57]} 52. Rxa5
{[%clk 0:14:06]} Kf6 {[%clk 0:03:33]} 53. hxg5+ {[%clk 0:14:08]} Kxg5
{[%clk 0:03:58]} 54. Ra3 {[%clk 0:14:26]} Ne6 {[%clk 0:03:08]} 55. Rg3+
{[%clk 0:14:07]} Kh5 {[%clk 0:02:56]} 56. Bf3+ {[%clk 0:12:51]} Kh6
{[%clk 0:03:25]} 57. Kg2 {[%clk 0:12:44]} Nf4+ {[%clk 0:02:49]} 58. Kf2
{[%clk 0:13:04]} g5 {[%clk 0:02:03]} 59. Bg4 {[%clk 0:13:07]} Rb5
{[%clk 0:02:00]} 60. Ra3 {[%clk 0:13:05]} Rb2+ {[%clk 0:02:03]} 61. Kg3
{[%clk 0:13:26]} Rb6 {[%clk 0:02:04]} 62. Rc3 {[%clk 0:13:07]} Nd5
{[%clk 0:01:42]} 63. Rd3 {[%clk 0:13:07]} Nf4 {[%clk 0:01:53]} 64. Rc3
{[%clk 0:13:13]} Nd5 {[%clk 0:01:53]} 65. Rd3 {[%clk 0:13:12]} Nf6
{[%clk 0:01:50]} 66. Ra3 {[%clk 0:13:00]} Rb4 {[%clk 0:01:22]} 67. Bf3
{[%clk 0:13:19]} Kg6 {[%clk 0:01:40]} 68. Re3 {[%clk 0:13:06]} Kf5
{[%clk 0:01:41]} 69. Ra3 {[%clk 0:13:28]} Rd4 {[%clk 0:01:08]} 70. Ra5+
{[%clk 0:13:49]} Kg6 {[%clk 0:01:36]} 71. Ra3 {[%clk 0:14:02]} g4
{[%clk 0:01:16]} 72. Bxg4 {[%clk 0:14:10]} Rxg4+ {[%clk 0:01:44]} 73. Kf3
{[%clk 0:14:27]} Rb4 {[%clk 0:01:53]} 74. Ra5 {[%clk 0:14:38]} Nd7
{[%clk 0:02:07]} 75. Rd5 {[%clk 0:14:46]} Nb6 {[%clk 0:01:52]} 76. Rc5
{[%clk 0:14:48]} Kf6 {[%clk 0:02:10]} 77. Ra5 {[%clk 0:14:41]} Nd7
{[%clk 0:02:29]} 78. Rh5 {[%clk 0:14:29]} Ne5+ {[%clk 0:02:51]} 79. Ke3
{[%clk 0:14:51]} Ke6 {[%clk 0:03:19]} 80. Rh8 {[%clk 0:15:12]} Nc4+
{[%clk 0:03:20]} 81. Kd4 {[%clk 0:15:29]} Nd6+ {[%clk 0:03:36]} 82. Kc3
{[%clk 0:15:28]} Rc4+ {[%clk 0:03:48]} 83. Kd3 {[%clk 0:15:57]} Rg4
{[%clk 0:03:59]} 1/2-1/2

[Event "eytcc"]
[Site "?"]
[Date "2017.08.18"]
[Round "2.5"]
[White "Matviishen, Viktor"]
[Black "Nayhebaver, Martin"]
[Result "1-0"]
[BlackElo "2451"]
[WhiteElo "2433"]
[LiveChessVersion "1.4.4"]

1. e4 c5 {[%clk 1:30:28]} 2. Nf3 {[%clk 1:31:16]} d6 {[%clk 1:28:22]} 3. d4
{[%clk 1:31:39]} cxd4 {[%clk 1:28:48]} 4. Nxd4 {[%clk 1:32:07]} Nf6
{[%clk 1:29:10]} 5. Nc3 {[%clk 1:32:32]} a6 {[%clk 1:29:34]} 6. h3
{[%clk 1:32:50]} e5 {[%clk 1:26:28]} 7. Nde2 {[%clk 1:33:08]} b5 {[%clk 1:26:07]}
8. Ng3 {[%clk 1:33:16]} Nbd7 {[%clk 1:16:23]} 9. a4 {[%clk 1:32:35]} b4
{[%clk 1:14:28]} 10. Nd5 {[%clk 1:32:56]} Nxd5 {[%clk 1:10:47]} 11. Qxd5
{[%clk 1:33:23]} Nb6 {[%clk 1:10:57]} 12. Qa5 {[%clk 1:22:50]} d5
{[%clk 1:01:07]} 13. Be3 {[%clk 1:12:22]} Nc4 {[%clk 0:55:46]} 14. Qxd8+
{[%clk 1:12:46]} Kxd8 {[%clk 0:56:13]} 15. Bg5+ {[%clk 1:09:51]} Kc7
{[%clk 0:51:34]} 16. O-O-O {[%clk 0:49:10]} f6 {[%clk 0:44:20]} 17. exd5
{[%clk 0:49:35]} Nxb2 {[%clk 0:43:51]} 18. Kxb2 {[%clk 0:49:58]} fxg5
{[%clk 0:44:15]} 19. Ne4 {[%clk 0:49:48]} Bf5 {[%clk 0:37:37]} 20. d6+
{[%clk 0:50:02]} Kc6 {[%clk 0:30:38]} 21. Bd3 {[%clk 0:31:46]} Ra7
{[%clk 0:24:20]} 22. Rhe1 {[%clk 0:27:54]} h6 {[%clk 0:23:36]} 23. Kb3
{[%clk 0:25:35]} g6 {[%clk 0:18:05]} 24. g4 {[%clk 0:23:45]} Be6+
{[%clk 0:12:31]} 25. Bc4 {[%clk 0:24:02]} Bxc4+ 26. Kxc4 {[%clk 0:24:31]} a5
{[%clk 0:11:16]} 27. Rd5 {[%clk 0:24:46]} Bg7 {[%clk 0:11:23]} 28. Red1
{[%clk 0:20:31]} Rd8 {[%clk 0:11:34]} 29. Rc5+ {[%clk 0:20:35]} Kd7
{[%clk 0:07:22]} 30. Kd5 {[%clk 0:20:49]} Rf8 {[%clk 0:06:24]} 31. Rc6
{[%clk 0:20:12]} Rf4 {[%clk 0:05:36]} 32. Nc5+ {[%clk 0:20:33]} Ke8
{[%clk 0:06:00]} 33. Rc8+ {[%clk 0:20:51]} 1-0

[Event "eytcc"]
[Site "?"]
[Date "2017.08.18"]
[Round "2.7"]
[White "Roshka, Yevgeniy"]
[Black "Karas, Marek"]
[Result "1/2-1/2"]
[BlackElo "2256"]
[WhiteElo "2356"]
[LiveChessVersion "1.4.4"]

1. e4 {[%clk 1:30:58]} e6 {[%clk 1:30:59]} 2. d4 {[%clk 1:31:21]} d5
{[%clk 1:31:28]} 3. Nd2 {[%clk 1:31:45]} a6 {[%clk 1:31:46]} 4. Bd3
{[%clk 1:26:41]} c5 {[%clk 1:32:01]} 5. dxc5 {[%clk 1:26:08]} Bxc5
{[%clk 1:32:13]} 6. Ngf3 {[%clk 1:26:00]} Nc6 {[%clk 1:29:07]} 7. a3
{[%clk 1:26:19]} Nge7 {[%clk 1:27:52]} 8. O-O {[%clk 1:26:40]} O-O
{[%clk 1:27:59]} 9. b4 {[%clk 1:27:04]} Bb6 {[%clk 1:28:00]} 10. Bb2
{[%clk 1:25:55]} Ng6 {[%clk 1:26:35]} 11. Nb3 {[%clk 1:24:15]} Nf4
{[%clk 1:18:56]} 12. Re1 {[%clk 1:20:43]} Nxd3 {[%clk 1:17:18]} 13. Qxd3
{[%clk 1:21:01]} dxe4 {[%clk 1:15:05]} 14. Qxe4 {[%clk 1:20:28]} f6
{[%clk 1:10:54]} 15. Rad1 {[%clk 1:15:29]} Qe8 {[%clk 1:10:32]} 16. Nfd2
{[%clk 0:54:04]} Qh5 {[%clk 1:05:52]} 17. Nc4 {[%clk 0:50:51]} Bc7
{[%clk 1:05:25]} 18. f4 {[%clk 0:50:47]} e5 {[%clk 1:00:02]} 19. fxe5
{[%clk 0:47:45]} Bf5 {[%clk 0:57:18]} 20. Qd5+ {[%clk 0:46:05]} Kh8
{[%clk 0:57:32]} 21. Nd6 {[%clk 0:29:04]} Nxe5 {[%clk 0:47:04]} 22. Nxf5
{[%clk 0:15:32]} Qxf5 {[%clk 0:46:39]} 23. Qxb7 {[%clk 0:14:49]} Qxc2
{[%clk 0:43:05]} 24. Bxe5 {[%clk 0:11:37]} Bxe5 {[%clk 0:43:11]} 25. Nc5
{[%clk 0:11:55]} Qc3 {[%clk 0:37:15]} 26. Ne6 {[%clk 0:11:11]} Rg8
{[%clk 0:36:28]} 27. Rf1 {[%clk 0:10:01]} Qe3+ {[%clk 0:34:34]} 28. Kh1
{[%clk 0:10:25]} Bxh2 {[%clk 0:33:12]} 29. Nxg7 {[%clk 0:09:12]} Ra7
{[%clk 0:24:06]} 30. Nf5 {[%clk 0:09:31]} Qg5 {[%clk 0:21:08]} 31. Qe4
{[%clk 0:08:47]} Be5 {[%clk 0:19:18]} 32. Rd3 {[%clk 0:07:19]} Rc7
{[%clk 0:18:35]} 33. Qf3 {[%clk 0:06:55]} Rc2 {[%clk 0:17:03]} 34. g3
{[%clk 0:06:01]} Rc4 {[%clk 0:10:32]} 1/2-1/2

[Event "eytcc"]
[Site "?"]
[Date "2017.08.18"]
[Round "2.8"]
[White "Jablonicky, Martin"]
[Black "Yurovskich, Oleksandr"]
[Result "0-1"]
[BlackElo "2231"]
[WhiteElo "2328"]
[LiveChessVersion "1.4.4"]

1. d4 {[%clk 1:30:57]} Nf6 {[%clk 1:30:17]} 2. Nf3 {[%clk 1:31:22]} d5
{[%clk 1:30:29]} 3. Bf4 {[%clk 1:31:47]} c5 {[%clk 1:30:08]} 4. e3
{[%clk 1:32:12]} Nc6 {[%clk 1:30:30]} 5. Nbd2 {[%clk 1:32:37]} Bg4
{[%clk 1:30:47]} 6. c3 {[%clk 1:31:42]} e6 {[%clk 1:28:37]} 7. Qb3
{[%clk 1:25:50]} Qc8 {[%clk 1:21:59]} 8. h3 {[%clk 1:18:10]} Bh5 {[%clk 1:20:08]}
9. g4 {[%clk 1:12:32]} Bg6 {[%clk 1:20:27]} 10. Nh4 {[%clk 1:12:54]} Be7
{[%clk 1:17:15]} 11. Nxg6 {[%clk 1:11:03]} hxg6 {[%clk 1:17:38]} 12. Bg2
{[%clk 1:11:23]} O-O {[%clk 1:14:34]} 13. O-O {[%clk 1:10:38]} Qd7
{[%clk 1:12:56]} 14. Rac1 {[%clk 1:02:27]} cxd4 {[%clk 1:11:51]} 15. cxd4
{[%clk 0:59:20]} Rfc8 {[%clk 1:09:55]} 16. Qd3 {[%clk 0:40:58]} Nb4
{[%clk 1:04:53]} 17. Qb1 {[%clk 0:41:08]} Qb5 {[%clk 1:03:32]} 18. Rc3
{[%clk 0:39:26]} Nc6 {[%clk 0:39:51]} 19. a3 {[%clk 0:37:44]} Ne8
{[%clk 0:31:10]} 20. Rfc1 {[%clk 0:37:25]} Bd6 {[%clk 0:31:21]} 21. Bxd6
{[%clk 0:30:43]} Nxd6 {[%clk 0:31:43]} 22. b4 {[%clk 0:28:30]} Ne7
{[%clk 0:25:09]} 23. Bf1 {[%clk 0:21:15]} Qd7 {[%clk 0:25:24]} 24. b5
{[%clk 0:15:23]} Rxc3 {[%clk 0:24:43]} 25. Rxc3 {[%clk 0:15:52]} Rc8
{[%clk 0:25:04]} 26. Rxc8+ {[%clk 0:15:08]} Nexc8 {[%clk 0:22:44]} 27. Qc2
{[%clk 0:14:10]} Ne7 {[%clk 0:22:44]} 28. a4 {[%clk 0:14:09]} b6 {[%clk 0:22:34]}
29. Qa2 {[%clk 0:11:56]} Qc7 {[%clk 0:19:55]} 30. a5 {[%clk 0:08:10]} bxa5
{[%clk 0:16:40]} 31. Nb3 {[%clk 0:08:39]} Nb7 {[%clk 0:16:10]} 32. Qa3
{[%clk 0:08:15]} Nc8 {[%clk 0:16:09]} 33. Nc5 {[%clk 0:07:29]} Ncd6
{[%clk 0:16:23]} 34. Bd3 {[%clk 0:07:07]} Nxc5 {[%clk 0:06:27]} 35. dxc5
{[%clk 0:06:13]} Nb7 {[%clk 0:06:50]} 36. c6 {[%clk 0:06:24]} Nd6
{[%clk 0:07:14]} 37. Qc5 {[%clk 0:04:34]} Kf8 {[%clk 0:03:36]} 38. Qc3
{[%clk 0:04:25]} g5 {[%clk 0:03:24]} 39. Qe5 {[%clk 0:04:13]} Nxb5
{[%clk 0:02:57]} 40. Qxg5 {[%clk 0:33:38]} Nd6 {[%clk 0:31:24]} 41. Qh4
{[%clk 0:32:50]} Ne8 {[%clk 0:20:58]} 42. Qh8+ {[%clk 0:28:59]} Ke7
{[%clk 0:21:21]} 43. Bb5 {[%clk 0:29:20]} Qb6 {[%clk 0:19:13]} 44. Qxe8+
{[%clk 0:28:58]} Kxe8 {[%clk 0:19:39]} 45. c7+ {[%clk 0:29:24]} Qxb5
{[%clk 0:20:02]} 46. c8=Q+ {[%clk 0:29:48]} Ke7 {[%clk 0:20:25]} 47. Qc7+
{[%clk 0:30:07]} Kf6 {[%clk 0:20:05]} 48. Qd8+ {[%clk 0:23:57]} Kg6
{[%clk 0:14:27]} 49. Qh8 {[%clk 0:24:20]} d4 {[%clk 0:11:32]} 50. exd4
{[%clk 0:15:53]} a4 {[%clk 0:10:27]} 51. h4 {[%clk 0:16:19]} a3 {[%clk 0:09:41]}
52. h5+ {[%clk 0:16:28]} Kg5 {[%clk 0:10:02]} 53. Qxg7+ {[%clk 0:16:53]} Kh4
{[%clk 0:09:52]} 54. d5 {[%clk 0:07:38]} a2 {[%clk 0:04:33]} 55. Qf6+
{[%clk 0:06:40]} Kxg4 {[%clk 0:04:53]} 56. Qg7+ {[%clk 0:05:19]} Kxh5
{[%clk 0:04:00]} 57. Qxf7+ {[%clk 0:05:38]} Kg5 {[%clk 0:04:24]} 58. Qg7+
{[%clk 0:04:52]} Kf5 {[%clk 0:04:02]} 59. Qf7+ {[%clk 0:05:16]} Ke4
{[%clk 0:04:00]} 60. Qxe6+ {[%clk 0:05:19]} Kd3 {[%clk 0:04:09]} 61. Qe3+
{[%clk 0:04:50]} Kc2 {[%clk 0:04:16]} 62. Qe4+ {[%clk 0:04:54]} Qd3
{[%clk 0:04:09]} 63. Qa4+ {[%clk 0:04:36]} Kb2 {[%clk 0:04:20]} 64. Qb4+
{[%clk 0:04:35]} Kc1 {[%clk 0:02:08]} 65. Qf4+ {[%clk 0:04:08]} Qd2
{[%clk 0:01:54]} 66. Qc4+ {[%clk 0:04:33]} Kb2 {[%clk 0:01:57]} 67. Qb5+
{[%clk 0:04:41]} Ka3 {[%clk 0:02:10]} 68. Qc5+ {[%clk 0:02:53]} Kb3
{[%clk 0:02:12]} 69. Qb5+ {[%clk 0:03:00]} Qb4 {[%clk 0:02:35]} 70. Qd3+
{[%clk 0:03:16]} Qc3 {[%clk 0:03:01]} 71. Qb5+ {[%clk 0:03:41]} Kc2
{[%clk 0:03:11]} 72. Qe2+ {[%clk 0:03:14]} Kb1 {[%clk 0:03:37]} 73. Qe4+
{[%clk 0:03:42]} Kc1 {[%clk 0:03:36]} 74. Qf4+ {[%clk 0:03:34]} Kb2
{[%clk 0:04:01]} 75. Qb8+ {[%clk 0:02:57]} Kc2 {[%clk 0:04:26]} 0-1

[Event "eytcc"]
[Site "?"]
[Date "2017.08.18"]
[Round "2.9"]
[White "Vykouk, Jan"]
[Black "Ozer, Omer Faruk"]
[Result "1-0"]
[BlackElo "2411"]
[WhiteElo "2431"]
[LiveChessVersion "1.4.4"]

1. e4 {[%clk 1:30:56]} c5 {[%clk 1:30:53]} 2. Nf3 {[%clk 1:31:21]} e6
{[%clk 1:31:17]} 3. d4 {[%clk 1:31:46]} cxd4 {[%clk 1:31:40]} 4. Nxd4
{[%clk 1:32:12]} Nc6 {[%clk 1:32:04]} 5. Nc3 {[%clk 1:32:38]} Qc7
{[%clk 1:32:28]} 6. Be3 {[%clk 1:33:02]} a6 {[%clk 1:32:52]} 7. Qd2
{[%clk 1:33:28]} Nf6 {[%clk 1:33:05]} 8. O-O-O {[%clk 1:33:50]} Be7
{[%clk 1:32:53]} 9. f3 {[%clk 1:34:13]} b5 {[%clk 1:33:02]} 10. Nxc6
{[%clk 1:34:37]} dxc6 {[%clk 1:33:13]} 11. g4 {[%clk 1:35:02]} e5
{[%clk 1:30:56]} 12. Qf2 {[%clk 1:35:14]} Be6 {[%clk 1:17:47]} 13. h4
{[%clk 1:35:33]} Qb7 {[%clk 1:07:09]} 14. Bh3 {[%clk 1:26:03]} Nd7
{[%clk 0:58:09]} 15. g5 {[%clk 1:18:50]} Nf8 {[%clk 0:45:52]} 16. Qg3
{[%clk 1:06:41]} b4 {[%clk 0:41:20]} 17. Na4 {[%clk 1:04:12]} Qb5
{[%clk 0:41:35]} 18. b3 {[%clk 1:01:56]} Bxh3 {[%clk 0:38:16]} 19. Rxh3
{[%clk 1:02:01]} Rd8 {[%clk 0:35:41]} 20. Rxd8+ {[%clk 0:59:56]} Bxd8
{[%clk 0:35:49]} 21. Nc5 {[%clk 0:52:45]} Ng6 {[%clk 0:30:40]} 22. Nd3
{[%clk 0:51:15]} O-O {[%clk 0:21:47]} 23. Qg4 {[%clk 0:41:46]} Bb6
{[%clk 0:21:21]} 24. Bd2 {[%clk 0:42:09]} Rd8 {[%clk 0:21:38]} 25. h5
{[%clk 0:39:55]} Nf8 {[%clk 0:18:39]} 26. g6 {[%clk 0:34:31]} fxg6
{[%clk 0:16:58]} 27. hxg6 {[%clk 0:33:57]} hxg6 {[%clk 0:17:21]} 28. f4
{[%clk 0:28:51]} exf4 {[%clk 0:17:11]} 29. Qxf4 {[%clk 0:28:55]} c5
{[%clk 0:09:19]} 30. Ne5 {[%clk 0:28:11]} Qe8 {[%clk 0:09:43]} 31. Nf7
{[%clk 0:27:28]} Nh7 {[%clk 0:07:24]} 32. Nxd8 {[%clk 0:26:09]} Qxd8
{[%clk 0:07:30]} 33. e5 {[%clk 0:20:50]} Qd4 {[%clk 0:07:13]} 34. Qxd4
{[%clk 0:20:29]} cxd4 {[%clk 0:07:41]} 35. Bxb4 {[%clk 0:20:39]} Ng5
{[%clk 0:08:04]} 36. Rg3 {[%clk 0:20:22]} Ne6 {[%clk 0:08:05]} 37. Rxg6
{[%clk 0:20:18]} Kf7 {[%clk 0:08:34]} 38. Rg1 {[%clk 0:18:39]} Bd8
{[%clk 0:08:57]} 39. Rf1+ {[%clk 0:18:01]} Kg6 {[%clk 0:09:19]} 40. c4
{[%clk 0:47:19]} a5 {[%clk 0:39:23]} 41. Bd6 {[%clk 0:46:26]} 1-0

[Event "eytcc"]
[Site "?"]
[Date "2017.08.18"]
[Round "2.10"]
[White "Gokerkan, Cem Kaan"]
[Black "Havelka, Josef"]
[Result "1-0"]
[BlackElo "2338"]
[WhiteElo "2357"]
[LiveChessVersion "1.4.4"]

1. e4 {[%clk 1:30:57]} c5 {[%clk 1:30:44]} 2. Nf3 {[%clk 1:31:11]} d6
{[%clk 1:31:02]} 3. d4 {[%clk 1:31:37]} cxd4 {[%clk 1:31:26]} 4. Nxd4
{[%clk 1:32:03]} Nf6 {[%clk 1:31:41]} 5. Nc3 {[%clk 1:32:29]} a6 {[%clk 1:31:58]}
6. Bg5 {[%clk 1:31:59]} Nbd7 {[%clk 1:31:24]} 7. Qe2 {[%clk 1:32:04]} h6
{[%clk 1:31:05]} 8. Bh4 {[%clk 1:32:13]} g6 {[%clk 1:30:49]} 9. f4
{[%clk 1:32:37]} e5 {[%clk 1:30:03]} 10. fxe5 {[%clk 1:32:53]} dxe5
{[%clk 1:30:27]} 11. O-O-O {[%clk 1:33:17]} Qc7 {[%clk 1:30:10]} 12. Nb3
{[%clk 1:33:29]} b5 {[%clk 1:29:46]} 13. Nd5 {[%clk 1:33:46]} Nxd5
{[%clk 1:30:10]} 14. exd5 {[%clk 1:34:15]} Bd6 {[%clk 1:30:25]} 15. Kb1
{[%clk 1:34:43]} f5 {[%clk 1:21:48]} 16. g4 {[%clk 1:33:12]} f4 {[%clk 1:18:01]}
17. g5 {[%clk 1:23:07]} h5 {[%clk 1:14:45]} 18. Qe4 {[%clk 1:08:49]} Rg8
{[%clk 1:07:12]} 19. Bf2 {[%clk 1:01:44]} Kf7 {[%clk 0:36:39]} 20. Rd3
{[%clk 1:02:01]} b4 {[%clk 0:30:33]} 21. Bh3 {[%clk 1:01:18]} Re8
{[%clk 0:25:52]} 22. c4 {[%clk 0:59:06]} Nc5 {[%clk 0:18:21]} 23. Bxc5
{[%clk 0:57:34]} Bxc5 {[%clk 0:18:08]} 24. Be6+ {[%clk 0:54:37]} Kg7
{[%clk 0:14:10]} 25. Nxc5 {[%clk 0:54:48]} Qxc5 {[%clk 0:14:12]} 26. Qxe5+
{[%clk 0:55:16]} Kh7 {[%clk 0:14:27]} 27. Qxf4 {[%clk 0:54:18]} Bxe6 28. dxe6
{[%clk 0:54:29]} Qf5 {[%clk 0:11:29]} 29. Qxf5 {[%clk 0:54:36]} gxf5
{[%clk 0:11:55]} 30. Re1 {[%clk 0:54:53]} h4 {[%clk 0:10:51]} 31. Re5
{[%clk 0:53:59]} Kg6 {[%clk 0:10:06]} 32. Rf3 {[%clk 0:54:07]} Rac8
{[%clk 0:08:49]} 33. c5 {[%clk 0:50:09]} Kxg5 {[%clk 0:07:00]} 34. h3
{[%clk 0:50:13]} Kg6 {[%clk 0:05:34]} 35. Kc2 {[%clk 0:46:19]} Rc6
{[%clk 0:05:15]} 36. Kb3 {[%clk 0:46:29]} Rexe6 {[%clk 0:05:13]} 37. Rfxf5
{[%clk 0:46:32]} a5 {[%clk 0:03:55]} 38. Ka4 {[%clk 0:46:38]} Re7
{[%clk 0:03:07]} 39. Rxe7 {[%clk 0:46:35]} Kxf5 {[%clk 0:03:32]} 40. Kb5
{[%clk 1:17:03]} Rc8 {[%clk 0:32:40]} 41. c6 {[%clk 1:17:29]} Kf4
{[%clk 0:30:15]} 42. Rg7 {[%clk 1:17:57]} Ke5 {[%clk 0:29:41]} 43. c7
{[%clk 1:18:16]} Kd6 {[%clk 0:29:46]} 44. Kb6 {[%clk 1:18:42]} 1-0